01585nam a2200205 a 450000100060000000300090000600800410001502000150005604000280007108200160009910000260011524500400014126000380018130000250021949000190024450510410026365000300130465000230133465000220135722578CO-ViMGA141112s2004 ck r 000 u spa d a9685477736 aCO-ViMGAbspacCO-ViMGA04a371.3 C838t1 aCuevas, Liliana Ester10aTecnicas para estudiar y leer mejor aBuenos Aires : bCultural, c2003 a2 V + CD - ROM 360 P aTercer milenio aVOLUMEN 1 : Tecnicas para estudiar mejor, para que estudiamos?, recordar y comprender, la inteligencia emocional, el proceso de la educación, administracion del tiempo, concejos utiles, buenos habitos, atencion y concentracion, el ejercicio fisico y la concentracion, la memoria, que es la memoria, un mal habito, aprovechar las clases, como tomar apuntes en la clase, organizacion, abreviatura, los pilares del conocimientos, tipos de textos, el arte de pensar, un poco de logica, razonando un cuadro, pordonde empiezo, hablar en publico, estudiar en grupo, la hora de la verda, lugar de entre la teoria y la practica 2 - 182 - - VOLUMEN 2 : El proceso de la lectura, defectos y problemas de la lectura, defectos comunes al leer, comprension lectora, unidades de pensamiento, auxiliares de lectura, el proceso interactivo de leer, linguistica y psicolinguistica, las inferencias, comprender y recordar, la enorme oferta de lectura, ampliacion y vocabulario, cuanto tiempo llava leer un librolas herramientas de la velocidad 185 - 35914aAPRENDIZAJE - ENSEÑANZA14aMETODOS DE ESTUDIO14aPLANES DE ESTUDIO